| 000 | 00952nas a2200325 4500 | ||
|---|---|---|---|
| 001 | BR2011001697 | ||
| 003 | BR-BrBNA | ||
| 005 | 20231205114521.0 | ||
| 007 | ta | ||
| 008 | 230509b bl.|||p| |||| 00| 00por d | ||
| 040 |
_aBR-BrBNA _bpor _cBiblioteca Nacional de Agricultura |
||
| 041 | _a(Pt) | ||
| 072 | _aJ11 | ||
| 100 | 1 | _aCia, P. | |
| 100 | 1 | _aBenato, E.A. | |
| 100 | 1 | _aValentini, S.R. de T. | |
| 100 | 1 | _aSanches, J. | |
| 100 | 1 | _aPonzo, F.S. | |
| 100 | 1 | _aFlores, D. | |
| 100 | 1 | _aTerra, M.M. | |
| 245 | 1 | _aAtmosfera modificada e refrigeração para conservação pós-colheita de uva "Niágara Rosada" | |
| 650 | _aUVA | ||
| 650 | _aVARIEDADE | ||
| 650 | _aREFRIGERAÇÃO | ||
| 650 | _aPÓS-COLHEITA | ||
| 650 | _aPODRIDÃO | ||
| 773 | 0 |
_tPesquisa Agropecuária Brasileira (Brazil) _xISSN 0100-204X _g(Oct 2010), v. 45(10) p. 1058-1065 _wBR2011001697 |
|
| 909 |
_a202311 _bLúcia _c55 _dLúcia Elande |
||
| 942 |
_2AGRIS _n0 _cANA |
||
| 999 |
_c209135 _d209135 |
||